Neutralising the Effects of Branch Mismatch Arrangements, Action 2 Inclusive Framework on Beps

Salvato in:
Dettagli Bibliografici
Natura: Libro
Lingua:inglese
Pubblicazione: Paris OECD 2017
Serie:OECD/G20 Base Erosion and Profit Shifting Project
Soggetti:
Tags: Aggiungi Tag
Nessun Tag, puoi essere il primo ad aggiungerne!!

MARC

LEADER 00000nam a2200000 4500
001 0241071
005 20240314123215.4
020 |a 978-92-64-27795-3 
041 0 |a eng 
044 |a FR 
245 1 0 |a Neutralising the Effects of Branch Mismatch Arrangements, Action 2  |b Inclusive Framework on Beps 
264 1 |a Paris  |b OECD  |c 2017 
300 |a 99 s. 
490 1 |a OECD/G20 Base Erosion and Profit Shifting Project 
830 0 |a OECD/G20 Base Erosion and Profit Shifting Project 
610 2 0 |a podnik 
610 2 0 |a štruktúra organizačná 
610 2 0 |a štruktúra podniku organizačná 
610 2 0 |a štruktúra riadenia 
610 2 0 |a príjmy 
610 2 0 |a výdavky 
610 2 0 |a dane